000 00344nam a22001217a 4500
008 160423b xxu||||| |||| 00| 0 eng d
020 _a9780801662461
020 _a080166246
041 _aeng
080 _a618.2
245 _aPharmacological basis of nursing practice:
_cJulia B. Clark; Sherry F. Queener; Virginia Burke Karb;
942 _2udc
_cBK
999 _c1533
_d1533